A Pragmatic Guide to Business Process Modelling / (Record no. 16540)
[ view plain ]
| 000 -LEADER | |
|---|---|
| fixed length control field | 01644pam a2200337 a 4500 |
| 001 - CONTROL NUMBER | |
| control field | 015292494 |
| 003 - CONTROL NUMBER IDENTIFIER | |
| control field | Uk |
| 005 - DATE AND TIME OF LATEST TRANSACTION | |
| control field | 20100827141559.0 |
| 008 - FIXED-LENGTH DATA ELEMENTS--GENERAL INFORMATION | |
| fixed length control field | 090609s2009 enka b 001 0 eng d |
| 020 ## - INTERNATIONAL STANDARD BOOK NUMBER | |
| International Standard Book Number | 1906124124 (pbk.) |
| 020 ## - INTERNATIONAL STANDARD BOOK NUMBER | |
| International Standard Book Number | 9781906124120 (pbk.) : |
| 082 04 - DEWEY DECIMAL CLASSIFICATION NUMBER | |
| Classification number | 658.4032 |
| Edition number | 22 |
| Item number | HOL |
| 100 1# - MAIN ENTRY--PERSONAL NAME | |
| Personal name | Holt, Jon. |
| 9 (RLIN) | 29193 |
| 245 12 - TITLE STATEMENT | |
| Title | A Pragmatic Guide to Business Process Modelling / |
| Statement of responsibility, etc | Jon Holt. |
| 250 ## - EDITION STATEMENT | |
| Edition statement | 2nd ed. |
| 260 ## - PUBLICATION, DISTRIBUTION, ETC. (IMPRINT) | |
| Place of publication, distribution, etc | Swindon : |
| Name of publisher, distributor, etc | British Computer Society, |
| Date of publication, distribution, etc | c2009. |
| 300 ## - PHYSICAL DESCRIPTION | |
| Extent | xxxi, 215 p. : |
| Other physical details | ill. ; |
| Dimensions | 25 cm. |
| 500 ## - GENERAL NOTE | |
| General note | Previous ed.: 2005. |
| 504 ## - BIBLIOGRAPHY, ETC. NOTE | |
| Bibliography, etc | Includes bibliographical references and index. |
| 650 #0 - SUBJECT ADDED ENTRY--TOPICAL TERM | |
| Topical term or geographic name as entry element | Business planning |
| General subdivision | Computer simulation. |
| 9 (RLIN) | 29194 |
| 650 #0 - SUBJECT ADDED ENTRY--TOPICAL TERM | |
| Topical term or geographic name as entry element | Production planning |
| General subdivision | Computer simulation. |
| 9 (RLIN) | 29195 |
| 650 #0 - SUBJECT ADDED ENTRY--TOPICAL TERM | |
| Topical term or geographic name as entry element | UML (Computer science) |
| 9 (RLIN) | 29196 |
| 653 ## - INDEX TERM--UNCONTROLLED | |
| Resource For college | |
| Arrived date list | March2012 |
| 710 2# - ADDED ENTRY--CORPORATE NAME | |
| Corporate name or jurisdiction name as entry element | British Computer Society. |
| 9 (RLIN) | 29197 |
| 942 ## - ADDED ENTRY ELEMENTS (KOHA) | |
| Source of classification or shelving scheme | Dewey Decimal Classification |
| Item type | Book - Borrowing |
| Withdrawn status | Item status | Source of classification or shelving scheme | Damaged status | Not for loan | Vendor | Home library | Current library | Shelving location | Date acquired | Source of acquisition | Total Checkouts | Full call number | Barcode | Date last seen | Koha item type | Date last borrowed | Total Renewals |
|---|---|---|---|---|---|---|---|---|---|---|---|---|---|---|---|---|---|
| Dewey Decimal Classification | Baccah | Central Library | Central Library | First floor | 05/03/2012 | 658.4032 HOL | 000026300 | 15/07/2025 | NB - Book (Non borrowing) | ||||||||
| Dewey Decimal Classification | Baccah | Central Library | Central Library | First floor | 05/03/2012 | 1 | 658.4032 HOL | 000026302 | 15/07/2025 | Book - Borrowing | 13/03/2012 | ||||||
| Dewey Decimal Classification | Baccah | Central Library | Central Library | First floor | 05/03/2012 | 1 | 658.4032 HOL | 000026303 | 15/07/2025 | Book - Borrowing | 03/02/2013 | ||||||
| Dewey Decimal Classification | Baccah | Central Library | Central Library | First floor | 05/03/2012 | 1 | 658.4032 HOL | 000026304 | 15/07/2025 | Book - Borrowing | 12/11/2015 | 3 | |||||
| Dewey Decimal Classification | Baccah | Central Library | Central Library | First floor | 26/03/2012 | 658.4032 HOL | 000026542 | 15/07/2025 | Book - Borrowing |